[Event "Poznan op 24th"]
[Site "Poznan"]
[Date "2016.08.14"]
[Round "8"]
[White "Walaszyk, Zbigniew"]
[Black "Swiatek, Michal"]
[Result "1-0"]
[WhiteElo "1329"]
[BlackElo "1254"]
[PlyCount "48"]
[EventDate "2016.08.08"]
[EventType "swiss"]
[EventRounds "9"]
[EventCountry "POL"]
[SourceTitle "EXT 2017"]
[Source "ChessBase"]
[SourceDate "2016.10.25"]
[SourceVersion "1"]
[SourceVersionDate "2016.10.25"]
[SourceQuality "1"]

1. e4 e6 2. d4 d5 3. Nc3 Nf6 4. Bg5 Be7 5. e5 Nfd7 6. Bxe7 Qxe7 7. Nf3 c5 8. dxc5 Qxc5 9. Be2 Qc7 10. Nb5 Qb6 11. Nd6+ Ke7 12. Qd2 h6 13. 0-0 Nxe5 14. Nxc8+ Rxc8 15. Nxe5 Qxb2 16. Qf4 f6 17. Ng6+ Kd7 18. Rab1 Qxc2 19. Rxb7+ Ke8 20. Bh5 Nc6 21. Ne5+ Kf8 22. Nd7+ Kg8 23. Nxf6+ gxf6 24. Qg4+ Kf8 1-0